[Event "Power Solutions Arctic Chess NGP 2026"]
[Site "UiT Campus Alta"]
[Date "2026.02.19"]
[Round "2"]
[White "Hansen, Torbjørn R."]
[Black "Austad, Eirik S."]
[Result "1/2-1/2"]
[WhiteElo "2407"]
[BlackElo "2155"]
[PlyCount "59"]
[EventDate "2026.??.??"]

1. e4 c6 2. d4 d5 3. Nc3 dxe4 4. Nxe4 Nf6 5. Nxf6+ exf6 6. Be2 Bd6 7. Bf3 O-O
8. Ne2 Re8 9. O-O Nd7 10. Be3 Nf8 11. c4 Ng6 12. g3 Bh3 13. Re1 Qd7 14. c5 Bc7
15. Nc3 Rad8 16. b4 f5 17. d5 f4 18. Bd4 Rxe1+ 19. Qxe1 Re8 20. Qd1 cxd5 21.
Nxd5 Bb8 22. Bc3 Ne5 23. Be4 Ng6 24. Bxg6 hxg6 25. Nxf4 Bxf4 26. Qxd7 Bxd7 27.
gxf4 Re4 28. Rd1 Be6 29. Rd4 Rxd4 30. Bxd4 1/2-1/2

[Event "Power Solutions Arctic Chess NGP 2026"]
[Site "UiT Campus Alta"]
[Date "2026.02.19"]
[Round "2"]
[White "Skaar, Ben S. G."]
[Black "Vestby-Ellingsen, Mads"]
[Result "1/2-1/2"]
[WhiteElo "2152"]
[BlackElo "2386"]
[PlyCount "132"]
[EventDate "2026.??.??"]

1. e4 c5 2. c3 Nf6 3. e5 Nd5 4. d4 cxd4 5. Nf3 d6 6. cxd4 Nc6 7. Bc4 dxe5 8.
dxe5 Ndb4 9. Qxd8+ Nxd8 10. Na3 Be6 11. O-O Bxc4 12. Nxc4 e6 13. a3 Nd5 14. Rd1
Nc6 15. b4 Rc8 16. Bb2 Be7 17. Rac1 O-O 18. g3 Rc7 19. b5 Nb8 20. Na5 b6 21.
Nb3 Rfc8 22. Nfd4 Kf8 23. Kf1 Ke8 24. Rxc7 Rxc7 25. Rc1 a6 26. a4 Rxc1+ 27.
Nxc1 axb5 28. Nxb5 Kd7 29. Nb3 Bb4 30. Ke2 Kc6 31. N3d4+ Kb7 32. Kd3 Nd7 33.
Nb3 Ka6 34. Kc4 g5 35. f4 gxf4 36. gxf4 Bc5 37. Bc1 Bg1 38. h3 Bh2 39. Nd6 Bxf4
40. Nxf7 Nxe5+ 41. Nxe5 Bxe5 42. Bd2 Bf4 43. Be1 Bd6 44. Nd4 Nc7 45. Kd3 Kb7
46. Ke4 Kc8 47. Nf3 Na6 48. Bf2 Bc5 49. Bg3 Be7 50. Bf2 Kc7 51. Ke5 Bc5 52. Be1
Bd6+ 53. Kxe6 Nc5+ 54. Kf6 Nxa4 55. Kg7 h5 56. Kg6 Nc5 57. Kxh5 Ne6 58. Kg4 Kd7
59. Kf5 Ke7 60. Bh4+ Kf7 61. Ng5+ Nxg5 62. Bxg5 b5 63. Bd2 b4 64. Bxb4 Bxb4 65.
h4 Be7 66. Kg4 Bxh4 1/2-1/2

[Event "Power Solutions Arctic Chess NGP 2026"]
[Site "UiT Campus Alta"]
[Date "2026.02.19"]
[Round "2"]
[White "Grave, Jacob T."]
[Black "Hagesather, Ellen"]
[Result "1-0"]
[WhiteElo "2382"]
[BlackElo "2145"]
[PlyCount "135"]
[EventDate "2026.??.??"]

1. e4 d6 2. d4 Nf6 3. Nc3 g6 4. f4 Bg7 5. Qd2 O-O 6. Nf3 c6 7. e5 Nd5 8. Ne4 b5
9. a4 b4 10. Bd3 f5 11. Nf2 a5 12. O-O Nd7 13. Qe2 N7b6 14. Bd2 Nc7 15. c4 d5
16. c5 Nd7 17. Be3 e6 18. h3 Ba6 19. Bxa6 Rxa6 20. Nd3 Ra7 21. Kf2 Rf7 22. Ke1
Bf8 23. Kd2 Rg7 24. g4 Be7 25. Rh1 Nf8 26. Rag1 Qc8 27. Kc2 Bd8 28. b3 Ne8 29.
Rg2 Kh8 30. Nd2 Rg8 31. Nf1 Rag7 32. Ng3 Bh4 33. Nf1 Bd8 34. Rhh2 Qb7 35. g5
Re7 36. h4 Rgg7 37. Ng3 Kg8 38. h5 Kf7 39. Ne1 Nc7 40. Rh3 Ke8 41. Rgh2 Kd7 42.
Nf3 Kc8 43. hxg6 hxg6 44. Rh8 Re8 45. R2h6 Na8 46. Nh4 Qd7 47. Qa6+ Kb8 48. Bd2
Bc7 49. Ne2 Bd8 50. Nc1 Bc7 51. Nd3 Bd8 52. Kb2 Nh7 53. Rxe8 Qxe8 54. Nxg6 Ra7
55. Qxa7+ Kxa7 56. Rxh7+ Nc7 57. Rg7 Kb8 58. Nf2 Na8 59. Nh1 Bc7 60. Ng3 Qc8
61. Kc2 Qa6 62. Rg8+ Kb7 63. Nf8 Nb6 64. cxb6 Bxb6 65. Nxe6 Ba7 66. Nc5+ Bxc5
67. dxc5 Qa7 68. Rg7+ 1-0

[Event "Power Solutions Arctic Chess NGP 2026"]
[Site "UiT Campus Alta"]
[Date "2026.02.19"]
[Round "2"]
[White "Bashylina, Luisa"]
[Black "Kreken, Eivind G."]
[Result "1/2-1/2"]
[WhiteElo "2145"]
[BlackElo "2347"]
[PlyCount "83"]
[EventDate "2026.??.??"]

1. d4 d5 2. c4 e6 3. Nc3 Nf6 4. cxd5 exd5 5. Bg5 c6 6. e3 h6 7. Bh4 Be7 8. Bd3
O-O 9. Bg3 Ne8 10. Qc2 Nd6 11. Nf3 Nd7 12. h3 Nf6 13. O-O Be6 14. Ne5 Qc8 15.
Bh2 Bf5 16. Rac1 Bxd3 17. Qxd3 Qe6 18. Ne2 Rfe8 19. Nf4 Qf5 20. Rfe1 Bf8 21. g4
Qxd3 22. Nfxd3 h5 23. f3 g5 24. Nc5 Rac8 25. Kg2 hxg4 26. hxg4 Kg7 27. Bg3 Be7
28. b3 Rh8 29. a4 Nfe8 30. a5 a6 31. Ned3 Bd8 32. b4 Bf6 33. Nd7 Nc4 34. N3c5
Ned6 35. Nxf6 Kxf6 36. e4 Kg6 37. Bxd6 Nxd6 38. e5 Nb5 39. Nxb7 Nxd4 40. Nc5
Ne6 41. Nxe6 fxe6 42. Rc5 1/2-1/2

[Event "Power Solutions Arctic Chess NGP 2026"]
[Site "UiT Campus Alta"]
[Date "2026.02.19"]
[Round "2"]
[White "Foreest, Machteld V."]
[Black "Verbin, Valentina"]
[Result "1-0"]
[WhiteElo "2320"]
[BlackElo "2140"]
[PlyCount "61"]
[EventDate "2026.??.??"]

1. e4 e6 2. d4 d5 3. Nc3 Nf6 4. e5 Nfd7 5. Nce2 c5 6. c3 Nc6 7. h4 Qa5 8. Qd2
b6 9. f4 Ba6 10. Nf3 Rc8 11. a3 Qa4 12. Qd1 Qxd1+ 13. Kxd1 Na5 14. Be3 Nb3 15.
Ra2 Bc4 16. Ng3 cxd4 17. Bxc4 Rxc4 18. Nxd4 Bc5 19. Nge2 a5 20. Rh3 a4 21. Nxb3
axb3 22. Ra1 Re4 23. Kd2 Ke7 24. Rf1 Rc8 25. Bd4 b5 26. Ng3 Rxd4+ 27. cxd4 Bxd4
28. Ne2 Rc2+ 29. Kd1 Bxb2 30. Rxb3 Nc5 31. Kxc2 1-0

[Event "Power Solutions Arctic Chess NGP 2026"]
[Site "UiT Campus Alta"]
[Date "2026.02.19"]
[Round "2"]
[White "Hammari, Vinjar"]
[Black "Houska, Jovanka"]
[Result "1-0"]
[WhiteElo "2101"]
[BlackElo "2314"]
[PlyCount "76"]
[EventDate "2026.??.??"]

1. e4 c6 2. d4 d5 3. e5 Bf5 4. h4 a6 5. h5 c5 6. dxc5 Nc6 7. Bd3 Bxd3 8. cxd3
Nxe5 9. d4 Nc6 10. Nf3 e6 11. Nc3 Nh6 12. Qb3 Nf5 13. Be3 Rb8 14. O-O-O Nxe3
15. fxe3 b6 16. Qa4 Qd7 17. e4 Be7 18. h6 g6 19. exd5 exd5 20. Rhe1 bxc5 21.
dxc5 O-O 22. Nxd5 Qb7 23. Rd2 Bxc5 24. Qf4 Rfc8 25. Kb1 Bf8 26. Nf6+ Kh8 27.
Nd7 f5 28. Nfe5 Qb4 29. Nf6 Nxe5 30. Qxe5 Qxd2 31. Ne4+ Kg8 32. Qe6+ Kh8 33.
Nxd2 Bxh6 34. Rh1 Bg7 35. Nc4 Re8 36. Qxa6 Re2 37. b3 Rxg2 38. Re1 f4 1-0

[Event "Power Solutions Arctic Chess NGP 2026"]
[Site "UiT Campus Alta"]
[Date "2026.02.19"]
[Round "2"]
[White "Lund, Gunnar"]
[Black "Hjerpbakk, Terje"]
[Result "1-0"]
[WhiteElo "2314"]
[BlackElo "1684"]
[PlyCount "49"]
[EventDate "2026.??.??"]

1. d4 d5 2. c4 dxc4 3. Nf3 Nf6 4. e3 e6 5. Bxc4 c5 6. O-O a6 7. Re1 b5 8. Bf1
Bb7 9. a4 b4 10. Nbd2 Be7 11. e4 cxd4 12. e5 Nd5 13. Nxd4 O-O 14. Nc4 Nc6 15.
Nb3 Qc7 16. Qg4 Rfd8 17. Bg5 Bxg5 18. Qxg5 Nde7 19. Rac1 Rd5 20. Qf4 Ng6 21.
Qg3 Ngxe5 22. Nxe5 Rxe5 23. Rxc6 Qxc6 24. Qxe5 Qd7 25. Nc5 1-0

[Event "Power Solutions Arctic Chess NGP 2026"]
[Site "UiT Campus Alta"]
[Date "2026.02.19"]
[Round "2"]
[White "Valvåg, Torbjørn"]
[Black "Nielsen, André Z."]
[Result "1-0"]
[WhiteElo "2082"]
[BlackElo "2301"]
[PlyCount "129"]
[EventDate "2026.??.??"]

1. e4 e5 2. Nf3 Nc6 3. Bb5 a6 4. Ba4 Nf6 5. O-O Bc5 6. Re1 Ng4 7. Rf1 O-O 8. h3
Nf6 9. Re1 b5 10. Bb3 d6 11. c3 h6 12. d4 Bb6 13. a4 Bb7 14. axb5 axb5 15. Rxa8
Bxa8 16. d5 Na5 17. Bc2 c6 18. dxc6 Bxc6 19. Nbd2 Qc7 20. Nf1 Rd8 21. Ng3 Kh7
22. Nf5 Qa7 23. Qe2 Ng8 24. Rd1 g6 25. Nxd6 Bc5 26. Nxf7 Rxd1+ 27. Bxd1 Qxf7
28. b4 Nc4 29. bxc5 Qe7 30. Bb3 Qxc5 31. Bxc4 bxc4 32. Be3 Qb5 33. Nd2 Bxe4 34.
Qxc4 Qxc4 35. Nxc4 Kg7 36. Nxe5 g5 37. f3 Ba8 38. Kf2 Kf6 39. Bd4 h5 40. Ke3
Ne7 41. Nc6+ Ke6 42. Nd8+ Kf5 43. g4+ Kg6 44. c4 hxg4 45. hxg4 Nc6 46. Nxc6
Bxc6 47. f4 Bb7 48. Bb6 Bc6 49. Bd8 Bd7 50. fxg5 Bxg4 51. Kf4 Be2 52. c5 Bb5
53. Ke5 Kf7 54. Kd6 Ke8 55. Bf6 Kf7 56. c6 Ke8 57. g6 Bd3 58. g7 Kf7 59. Kd7
Bb5 60. Kc7 Bc4 61. Bd4 Ke7 62. Kb8 Kf7 63. c7 Be6 64. c8=Q Bxc8 65. Kxc8 1-0

[Event "Power Solutions Arctic Chess NGP 2026"]
[Site "UiT Campus Alta"]
[Date "2026.02.19"]
[Round "2"]
[White "Mikalsen, Bengt A."]
[Black "Røyset, Pål"]
[Result "1/2-1/2"]
[WhiteElo "1812"]
[BlackElo "2084"]
[PlyCount "59"]
[EventDate "2026.??.??"]

1. d4 Nf6 2. c4 e6 3. Nf3 d5 4. g3 Bb4+ 5. Bd2 Bd6 6. Bg2 O-O 7. Qc2 c6 8. c5
Bc7 9. Nc3 b6 10. cxb6 axb6 11. O-O Ba6 12. Rfe1 c5 13. a4 Nc6 14. dxc5 Nb4 15.
Qb3 bxc5 16. Nb5 Ba5 17. Rec1 Ne4 18. Be1 Qb6 19. Ne5 c4 20. Nxc4 dxc4 21. Rxc4
Nc5 22. Qe3 Nd5 23. Qxc5 Qxc5 24. Rxc5 Bb6 25. Bxd5 Rab8 26. Rc6 exd5 27. Bc3
Rfe8 28. e3 Re6 29. Rxe6 fxe6 30. Nd4 1/2-1/2

[Event "Power Solutions Arctic Chess NGP 2026"]
[Site "UiT Campus Alta"]
[Date "2026.02.19"]
[Round "2"]
[White "Jessen, Simon P."]
[Black "Solskjær, Frode"]
[Result "1/2-1/2"]
[WhiteElo "2059"]
[BlackElo "1926"]
[PlyCount "66"]
[EventDate "2026.??.??"]

1. d4 Nf6 2. c4 e6 3. Nc3 Bb4 4. Qc2 c5 5. dxc5 Bxc5 6. Nf3 O-O 7. e3 b6 8. Be2
Bb7 9. O-O d5 10. cxd5 Nxd5 11. a3 Nxc3 12. Qxc3 Nc6 13. Rd1 Qc8 14. b4 Be7 15.
Bb2 Bf6 16. Qb3 Bxb2 17. Qxb2 Rd8 18. Bd3 Ne7 19. Rac1 Qb8 20. Qe2 h6 21. Bb1
Rxd1+ 22. Qxd1 Nd5 23. Qd4 Qd8 24. Rd1 Qc7 25. Kh1 Rc8 26. Be4 Nf6 27. Bxb7
Qxb7 28. h3 Qd5 29. Qxd5 Nxd5 30. Nd4 Kf8 31. Kg1 Ke7 32. Kf1 a6 33. Rd3 Rc3
1/2-1/2

[Event "Power Solutions Arctic Chess NGP 2026"]
[Site "UiT Campus Alta"]
[Date "2026.02.19"]
[Round "2"]
[White "Paranichev, Miron"]
[Black "Hagesather, Arne"]
[Result "0-1"]
[WhiteElo "1901"]
[BlackElo "2016"]
[PlyCount "94"]
[EventDate "2026.??.??"]

1. f4 c5 2. Nf3 Nc6 3. g3 Nf6 4. Bg2 g6 5. O-O Bg7 6. d3 O-O 7. e4 d6 8. Nc3
Rb8 9. h3 b5 10. g4 c4 11. Ne2 cxd3 12. cxd3 Qb6+ 13. Kh2 a5 14. f5 Ba6 15.
fxg6 hxg6 16. Ng5 b4 17. Qe1 Bxd3 18. Qh4 Rfc8 19. Rf2 Ne5 20. Nf4 Qxf2 21.
Qxf2 Nfxg4+ 22. hxg4 Nxg4+ 23. Kg3 Nxf2 24. Kxf2 Rc2+ 25. Kf3 Bc4 26. Nd5 Bxd5
27. exd5 Bh6 28. Be3 Rbc8 29. Rb1 f6 30. Bh3 Bxg5 31. Bxg5 fxg5 32. Bxc8 Rxc8
33. Kg4 Rc5 34. Kxg5 Kg7 35. a3 Rxd5+ 36. Kf4 bxa3 37. bxa3 Rd3 38. Rb7 Kf6 39.
Rb8 Rxa3 40. Rf8+ Ke6 41. Ra8 Ra1 42. Rg8 Kf7 43. Rh8 a4 44. Rh7+ Kf6 45. Rh8
a3 46. Ra8 a2 47. Ke3 Re1+ 0-1

[Event "Power Solutions Arctic Chess NGP 2026"]
[Site "UiT Campus Alta"]
[Date "2026.02.19"]
[Round "2"]
[White "Heier, Odin N."]
[Black "Gressli, Kristoffer"]
[Result "1-0"]
[WhiteElo "2007"]
[BlackElo "1894"]
[PlyCount "61"]
[EventDate "2026.??.??"]

1. d4 f5 2. Bf4 Nf6 3. e3 e6 4. h4 b6 5. Nf3 Bb7 6. Nbd2 d6 7. Bc4 Qe7 8. c3
Nbd7 9. Qa4 a6 10. Qc2 e5 11. dxe5 dxe5 12. Bh2 g6 13. O-O-O O-O-O 14. Ng5 b5
15. Bf1 Bg7 16. Rg1 Ng4 17. Bg3 f4 18. Be2 fxg3 19. Bxg4 h6 20. Ne6 Nf6 21.
Nxd8+ Nxg4 22. Nxb7 gxf2 23. Rgf1 Nxe3 24. Qe4 Nxd1 25. Rxd1 g5 26. Na5 Rd8 27.
Qb7+ Kd7 28. Qc6+ Kc8 29. Qxa6+ Kd7 30. Nc6 Qd6 31. Nf1 1-0

[Event "Power Solutions Arctic Chess NGP 2026"]
[Site "UiT Campus Alta"]
[Date "2026.02.19"]
[Round "2"]
[White "Aanes, Kjell"]
[Black "Rustan, Elias B."]
[Result "0-1"]
[WhiteElo "1872"]
[BlackElo "1986"]
[PlyCount "102"]
[EventDate "2026.??.??"]

1. e4 c6 2. Nf3 d5 3. d3 dxe4 4. Ng5 exd3 5. Bxd3 Nd7 6. Nxh7 Ngf6 7. Nxf8 Nxf8
8. Nc3 Bg4 9. f3 Bh5 10. Qe2 Bg6 11. Bc4 Qc7 12. g4 O-O-O 13. Bb3 N8d7 14. Bd2
Nc5 15. O-O-O Nxb3+ 16. axb3 Rd7 17. h4 Rhd8 18. h5 Bh7 19. h6 gxh6 20. Rxh6
Bg6 21. f4 Rxd2 22. Rxd2 Qxf4 23. Qh2 Qxd2+ 24. Qxd2 Rxd2 25. Kxd2 Nxg4 26. Rh4
Ne5 27. Rh8+ Kc7 28. Ne2 Nd7 29. Nf4 Bf5 30. Rh5 Be4 31. Nd3 Bg6 32. Rg5 Nf6
33. Rg1 Ne4+ 34. Ke3 Nd6 35. c3 b6 36. Rg2 Bf5 37. Rf2 a5 38. c4 c5 39. Rh2 a4
40. Nf4 axb3 41. Nd5+ Kb7 42. Nxe7 Nxc4+ 43. Kf4 Bc2 44. Nd5 Nxb2 45. Rh6 Na4
46. Rf6 b2 47. Rxf7+ Ka6 48. Nc7+ Ka5 49. Rf8 b1=Q 50. Ra8+ Kb4 51. Nd5+ Ka3
0-1

[Event "Power Solutions Arctic Chess NGP 2026"]
[Site "UiT Campus Alta"]
[Date "2026.02.19"]
[Round "2"]
[White "Sivaparan, Isai"]
[Black "Harila, Rune"]
[Result "1-0"]
[WhiteElo "1983"]
[BlackElo "1811"]
[PlyCount "71"]
[EventDate "2026.??.??"]

1. e4 c6 2. d4 d5 3. e5 c5 4. dxc5 e6 5. a3 Bxc5 6. b4 Be7 7. Qg4 g6 8. Nf3 a5
9. b5 Nd7 10. Bd3 b6 11. O-O Nc5 12. Bb2 h5 13. Qf4 Nh6 14. Nd4 Bd7 15. Rd1 Nf5
16. Bxf5 gxf5 17. c4 Bg5 18. Qf3 dxc4 19. Nxf5 exf5 20. e6 O-O 21. exd7 Bf6 22.
Bxf6 Qxf6 23. Nc3 Nd3 24. Nd5 Qd6 25. Qxf5 f6 26. Qg6+ Kh8 27. Qxh5+ Kg7 28.
Qg4+ Kh8 29. Qxc4 Nb2 30. Qh4+ Kg7 31. Qg4+ Kh8 32. Qh5+ Kg7 33. Ne3 Qf4 34.
Nf5+ Kg8 35. Qg6+ Kh8 36. Qg7# 1-0

[Event "Power Solutions Arctic Chess NGP 2026"]
[Site "UiT Campus Alta"]
[Date "2026.02.19"]
[Round "2"]
[White "Sjogren, Oddbjorn"]
[Black "Roover, Nikolay J. D."]
[Result "0-1"]
[WhiteElo "1810"]
[BlackElo "1966"]
[PlyCount "84"]
[EventDate "2026.??.??"]

1. d4 c5 2. dxc5 e6 3. Nc3 Bxc5 4. Ne4 d5 5. Nxc5 Qa5+ 6. c3 Qxc5 7. Bf4 Nc6 8.
Nf3 Nge7 9. e3 Ng6 10. Bg3 e5 11. Be2 h6 12. O-O Be6 13. a4 O-O 14. Rc1 a5 15.
h3 Rfd8 16. Bb5 f6 17. Bxc6 bxc6 18. b4 axb4 19. cxb4 Qxb4 20. Rxc6 Bf7 21. Qc2
Qxa4 22. Qc5 Qc4 23. Rc1 Qxc5 24. R6xc5 Ne7 25. Rc7 Nf5 26. Rb1 Nxg3 27. fxg3
Rdb8 28. Rd1 Rb3 29. Kf2 Raa3 30. Rc8+ Kh7 31. Rc7 Be6 32. Re7 Rb2+ 33. Rd2
Rxd2+ 34. Nxd2 Ra2 35. Rxe6 Rxd2+ 36. Kf1 h5 37. Rd6 Kg6 38. Rd7 Kf5 39. g4+
hxg4 40. hxg4+ Ke4 41. Rxg7 Kxe3 42. Rf7 Rd1# 0-1

[Event "Power Solutions Arctic Chess NGP 2026"]
[Site "UiT Campus Alta"]
[Date "2026.02.19"]
[Round "2"]
[White "Solbu, Lasse T."]
[Black "Myren, Matias"]
[Result "1-0"]
[WhiteElo "1958"]
[BlackElo "1770"]
[PlyCount "59"]
[EventDate "2026.??.??"]

1. e4 c6 2. d4 d5 3. f3 e6 4. Nc3 Bb4 5. a3 Bxc3+ 6. bxc3 dxe4 7. Nh3 e5 8. Ng5
Bf5 9. Bc4 Bg6 10. O-O Nd7 11. Nxe4 Nb6 12. Bb3 exd4 13. Bf4 Bxe4 14. fxe4 Qe7
15. cxd4 Nf6 16. Bg5 h6 17. Bxf6 gxf6 18. Qf3 O-O-O 19. Rad1 Nd7 20. a4 Rhg8
21. a5 a6 22. d5 c5 23. d6 Qf8 24. Rd5 Rg6 25. Qc3 Qg7 26. Rxc5+ Kb8 27. Rc7
Rxg2+ 28. Kh1 Rg8 29. Rxb7+ Ka8 30. Ra7+ 1-0

[Event "Power Solutions Arctic Chess NGP 2026"]
[Site "UiT Campus Alta"]
[Date "2026.02.19"]
[Round "2"]
[White "Solbu, August"]
[Black "Wilhelmsen, Jim L."]
[Result "1-0"]
[WhiteElo "1949"]
[BlackElo "1763"]
[PlyCount "54"]
[EventDate "2026.??.??"]

1. e4 e6 2. d4 d5 3. Nc3 Be7 4. Bd3 dxe4 5. Nxe4 Nf6 6. Nf3 Bd7 7. c3 Bc6 8.
Nxf6+ Bxf6 9. Qe2 Nd7 10. O-O O-O 11. Bf4 Re8 12. Rad1 Bxf3 13. Qxf3 c6 14. Be5
Bxe5 15. dxe5 Qe7 16. Bxh7+ Kxh7 17. Qd3+ Kg8 18. Qxd7 Qg5 19. f4 Qh4 20. Qxb7
g5 21. fxg5 Qh5 22. Qxc6 Kg7 23. Qf3 Rh8 24. Qf6+ Kg8 25. h3 Rf8 26. g6 Rh6 27.
Qxf7+ Rxf7 1-0

[Event "Power Solutions Arctic Chess NGP 2026"]
[Site "UiT Campus Alta"]
[Date "2026.02.19"]
[Round "2"]
[White "Wilhelmsen, Vegard"]
[Black "Solbakken, Mikkel D."]
[Result "0-1"]
[WhiteElo "1770"]
[BlackElo "1934"]
[PlyCount "93"]
[EventDate "2026.??.??"]

1. d4 d5 2. Nf3 Nf6 3. Bf4 c5 4. e3 cxd4 5. exd4 Nc6 6. c3 Bg4 7. Nbd2 e6 8.
Qb3 Qc8 9. Nh4 Be7 10. h3 Bh5 11. g4 Ne4 12. Nhf3 Bg6 13. Bb5 O-O 14. h4 Nxd2
15. Nxd2 h5 16. g5 e5 17. dxe5 Qf5 18. Bg3 d4 19. Bxc6 dxc3 20. Qxc3 bxc6 21.
Qf3 Qc2 22. Qc3 Rfd8 23. Qxc2 Bxc2 24. Rc1 Bf5 25. a3 Rab8 26. Nc4 Bd3 27. e6
Rb3 28. Ne5 Rxb2 29. exf7+ Kf8 30. Nxd3 Rxd3 31. O-O c5 32. Rc4 Rxa3 33. Rfc1
Kxf7 34. Bf4 Rb4 35. Be3 Rxc4 36. Rxc4 Ra5 37. Bd2 Rb5 38. Ra4 Rb7 39. Be3 Rc7
40. Ra6 c4 41. Bxa7 c3 42. Be3 c2 43. Bc1 Rd7 44. g6+ Ke8 45. Ra8+ Bd8 46. Kg2
Rd1 47. Ra1 0-1

[Event "Power Solutions Arctic Chess NGP 2026"]
[Site "UiT Campus Alta"]
[Date "2026.02.19"]
[Round "2"]
[White "Johnsen, Kjell M."]
[Black "Noer, Andreas"]
[Result "1/2-1/2"]
[WhiteElo "1930"]
[BlackElo "1739"]
[PlyCount "73"]
[EventDate "2026.??.??"]

1. d4 f5 2. Bf4 Nf6 3. e3 g6 4. h3 Bg7 5. Nf3 d6 6. Be2 O-O 7. O-O Nc6 8. Bh2
Ne4 9. Nbd2 d5 10. c4 e6 11. Rc1 Rf7 12. Ne1 Kh8 13. cxd5 exd5 14. Nd3 Nb8 15.
Nf3 c6 16. Nfe5 Re7 17. Qc2 Qb6 18. Rb1 Nd7 19. Rfc1 Nxe5 20. Bxe5 Bxe5 21.
Nxe5 f4 22. Bd3 Bf5 23. Kh2 Kg7 24. b4 a6 25. a4 fxe3 26. fxe3 Nd6 27. Bxf5
Nxf5 28. Qd3 Nd6 29. Rf1 Rae8 30. Rf3 Nf7 31. Nxf7 Rxf7 32. Rxf7+ Kxf7 33. Qf1+
Kg7 34. Qf4 Re7 35. Kg1 Qc7 36. Qxc7 Rxc7 37. b5 1/2-1/2

[Event "Power Solutions Arctic Chess NGP 2026"]
[Site "UiT Campus Alta"]
[Date "2026.02.19"]
[Round "3"]
[White "Urkedal, Frode O. O."]
[Black "Foreest, Machteld V."]
[Result "1-0"]
[WhiteElo "2569"]
[BlackElo "2320"]
[PlyCount "69"]
[EventDate "2026.??.??"]

1. d4 Nf6 2. c4 g6 3. Nc3 Bg7 4. e4 d6 5. h3 O-O 6. Be3 e5 7. d5 a5 8. g4 Na6
9. Nf3 b6 10. Be2 Nc5 11. Nd2 Bd7 12. h4 c6 13. g5 Ne8 14. h5 Nc7 15. a3 cxd5
16. cxd5 b5 17. b4 axb4 18. axb4 Rxa1 19. Qxa1 Na4 20. Nb3 Qc8 21. Na5 Nxc3 22.
Qxc3 Na6 23. Kd2 Qxc3+ 24. Kxc3 f5 25. gxf6 Bxf6 26. hxg6 hxg6 27. Nc6 Nc7 28.
Bb6 Na8 29. Ba5 Bg5 30. Rg1 Rxf2 31. Rxg5 Rxe2 32. Kd3 Re1 33. Rxg6+ Kf8 34.
Rxd6 Bxc6 35. Rxc6 1-0

[Event "Power Solutions Arctic Chess NGP 2026"]
[Site "UiT Campus Alta"]
[Date "2026.02.19"]
[Round "3"]
[White "Lund, Gunnar"]
[Black "Kaasen, Tor F."]
[Result "0-1"]
[WhiteElo "2314"]
[BlackElo "2476"]
[PlyCount "84"]
[EventDate "2026.??.??"]

1. d4 Nf6 2. c4 e6 3. Nf3 d5 4. Nc3 Bb4 5. cxd5 exd5 6. Bg5 h6 7. Bh4 Bf5 8. e3
Nbd7 9. Be2 c6 10. Qb3 Qb6 11. O-O Bd6 12. Bg3 Bxg3 13. hxg3 O-O 14. Qa3 a5 15.
Nd2 Rfe8 16. Rfe1 h5 17. Qb3 Qa7 18. Qd1 g6 19. Nf1 Re7 20. Bd3 Bxd3 21. Qxd3
Kg7 22. Re2 Rae8 23. Rae1 Qb6 24. a3 Ne4 25. Nxe4 dxe4 26. Qc3 Nf6 27. Rc2 Rd7
28. b4 axb4 29. Qxb4 Qd8 30. Qb1 Rh8 31. Rb2 Qe7 32. a4 h4 33. gxh4 Rxh4 34. a5
Rh8 35. Ng3 Nh5 36. Nxe4 Qh4 37. Kf1 Re7 38. f3 Rxe4 39. fxe4 Ng3+ 40. Kg1 Nxe4
41. Kf1 Qf6+ 42. Kg1 Ng3 0-1

[Event "Power Solutions Arctic Chess NGP 2026"]
[Site "UiT Campus Alta"]
[Date "2026.02.19"]
[Round "3"]
[White "Williams, Simon K."]
[Black "Hammari, Vinjar"]
[Result "1/2-1/2"]
[WhiteElo "2432"]
[BlackElo "2101"]
[PlyCount "42"]
[EventDate "2026.??.??"]

1. Nf3 d5 2. e3 Nf6 3. c4 e6 4. b3 Be7 5. Bb2 O-O 6. Nc3 dxc4 7. Bxc4 a6 8. Be2
Nbd7 9. Qc2 c5 10. h4 b5 11. a4 b4 12. Ne4 Bb7 13. Nxf6+ Bxf6 14. Ng5 g6 15.
Bf3 Bxf3 16. Nxf3 Rc8 17. Bxf6 Qxf6 18. O-O Ne5 19. Nxe5 Qxe5 20. a5 Rfd8 21.
Qc4 Qd6 1/2-1/2

[Event "Power Solutions Arctic Chess NGP 2026"]
[Site "UiT Campus Alta"]
[Date "2026.02.19"]
[Round "3"]
[White "Kreken, Eivind G."]
[Black "Hansen, Torbjørn R."]
[Result "1/2-1/2"]
[WhiteElo "2347"]
[BlackElo "2407"]
[PlyCount "118"]
[EventDate "2026.??.??"]

1. d4 Nf6 2. c4 d6 3. Nc3 e5 4. Nf3 e4 5. Ng5 Qe7 6. Qc2 Nc6 7. e3 Bf5 8. d5
Nb8 9. f3 Bg6 10. Ngxe4 Nxe4 11. Nxe4 Bxe4 12. fxe4 Nd7 13. Bd3 g6 14. O-O Bg7
15. Bd2 O-O 16. Rac1 a5 17. b3 b6 18. a3 Be5 19. Rf3 Rae8 20. Rcf1 Bg7 21. Rc1
Ne5 22. Rff1 Nxd3 23. Qxd3 Qxe4 24. Qxe4 Rxe4 25. a4 Rfe8 26. Rce1 h5 27. Rf4
R4e7 28. h4 f5 29. Kf2 Be5 30. Rf3 Bf6 31. Rf4 Re4 32. g3 Be5 33. Rf3 Kf7 34.
Rc1 Ke7 35. Bc3 Kd7 36. Ke2 c6 37. Bxe5 R8xe5 38. dxc6+ Kxc6 39. Rd1 d5 40.
cxd5+ Rxd5 41. Rff1 Rg4 42. Rg1 Rxd1 43. Kxd1 Kc5 44. Kc2 Re4 45. Re1 Kb4 46.
Kb2 Re6 47. Rc1 b5 48. axb5 Kxb5 49. Re1 Kb4 50. Re2 Re4 51. Re1 Rg4 52. Rg1 g5
53. Rf1 gxh4 54. gxh4 Rxh4 55. Rxf5 Rh2+ 56. Kc1 h4 57. e4 h3 58. Rf3 Kc5 59.
Rd3 Re2 1/2-1/2

[Event "Power Solutions Arctic Chess NGP 2026"]
[Site "UiT Campus Alta"]
[Date "2026.02.19"]
[Round "3"]
[White "Vestby-Ellingsen, Mads"]
[Black "Bashylina, Luisa"]
[Result "1-0"]
[WhiteElo "2386"]
[BlackElo "2145"]
[PlyCount "65"]
[EventDate "2026.??.??"]

1. d4 d5 2. c4 c6 3. Nf3 Nf6 4. g3 dxc4 5. Bg2 g6 6. O-O Bg7 7. a4 O-O 8. Na3
Be6 9. Ng5 Bd5 10. e4 h6 11. exd5 hxg5 12. dxc6 Nxc6 13. d5 Na5 14. Bxg5 Qd7
15. Qc2 Rac8 16. Rad1 Nh7 17. Be3 Nb3 18. d6 exd6 19. Nb5 b6 20. Nxd6 Qxa4 21.
Nxc8 Rxc8 22. Bh3 Ra8 23. Bd4 Nf6 24. Rfe1 Qb5 25. Bxf6 Bxf6 26. Be6 Qg5 27.
Qxc4 Nd2 28. Bxf7+ Kg7 29. Qc6 Rf8 30. Qd5 Rd8 31. Qb7 Rf8 32. Bd5+ Kh8 33. Re2
1-0

[Event "Power Solutions Arctic Chess NGP 2026"]
[Site "UiT Campus Alta"]
[Date "2026.02.19"]
[Round "3"]
[White "Valvåg, Torbjørn"]
[Black "Grave, Jacob T."]
[Result "0-1"]
[WhiteElo "2082"]
[BlackElo "2382"]
[PlyCount "40"]
[EventDate "2026.??.??"]

1. e4 e5 2. Nf3 Nc6 3. Nc3 Nf6 4. d4 exd4 5. Nxd4 Bb4 6. Nxc6 bxc6 7. Bd3 O-O
8. O-O Re8 9. Qf3 h6 10. Bf4 d6 11. h3 Nd7 12. Ne2 Qf6 13. c3 Bc5 14. Qg3 a5
15. Rad1 Ne5 16. Bb1 a4 17. Nd4 Bd7 18. Rfe1 Reb8 19. b4 Ng6 20. Bxh6 Bxd4 0-1

[Event "Power Solutions Arctic Chess NGP 2026"]
[Site "UiT Campus Alta"]
[Date "2026.02.19"]
[Round "3"]
[White "Nielsen, André Z."]
[Black "Heier, Odin N."]
[Result "1-0"]
[WhiteElo "2301"]
[BlackElo "2007"]
[PlyCount "121"]
[EventDate "2026.??.??"]

1. e4 e5 2. Nf3 Nc6 3. d4 exd4 4. Nxd4 Nf6 5. Nxc6 bxc6 6. e5 Nd5 7. c4 Bb4+ 8.
Bd2 Bxd2+ 9. Qxd2 Nb6 10. Nc3 O-O 11. c5 Nd5 12. O-O-O Nxc3 13. Qxc3 Qg5+ 14.
Kb1 f6 15. Bc4+ Kh8 16. exf6 Rxf6 17. Rhe1 Rf8 18. Qe5 Qg6+ 19. Bd3 d6 20. Bxg6
dxe5 21. Bc2 Bf5 22. f3 Rae8 23. Bxf5 Rxf5 24. Rd7 Rc8 25. Re7 Kg8 26. R1xe5
Rxe5 27. Rxe5 Kf7 28. Kc2 Rd8 29. Re3 Rd5 30. b4 a5 31. Rd3 Rg5 32. bxa5 Rxc5+
33. Kb3 Rxa5 34. Rd7+ Kf6 35. Rxc7 c5 36. a4 h5 37. Rb7 Ra6 38. Rb5 c4+ 39. Kb4
Rc6 40. Kc3 g5 41. a5 Rc8 42. a6 h4 43. a7 h3 44. gxh3 Ra8 45. Ra5 Kg6 46. Kxc4
Kh5 47. Ra6 Rc8+ 48. Kb3 Ra8 49. Ka3 g4 50. fxg4+ Kh4 51. Kb4 Kxh3 52. g5 Kxh2
53. g6 Kg2 54. Kb5 Kg1 55. Kb6 Rg8 56. a8=Q Rxg6+ 57. Kc5 Rg5+ 58. Kd4 Rg4+ 59.
Ke3 Rg3+ 60. Kf4 Kh2 61. Ra2+ 1-0